[Event "Verbandsliga Nordbaden 2223"]
[Site "Germany"]
[Date "2023.02.12"]
[Round "6.6"]
[White "Zimmer, Frank"]
[Black "Shapiro, Vladimir"]
[Result "1-0"]
[WhiteElo "2098"]
[BlackElo "1997"]
[PlyCount "107"]
[EventDate "2022.09.25"]
[EventType "team-tourn"]
[EventRounds "9"]
[EventCountry "GER"]
[SourceTitle "EXT 2024"]
[Source "ChessBase"]
[SourceDate "2023.10.10"]
[SourceVersion "1"]
[SourceVersionDate "2023.10.10"]
[SourceQuality "1"]
[WhiteTeam "Mosbach"]
[BlackTeam "Eppingen II"]
[WhiteTeamCountry "GER"]
[BlackTeamCountry "GER"]

1. e4 c5 2. Nf3 e6 3. Nc3 a6 4. g3 g6 5. Bg2 Bg7 6. 0-0 Nc6 7. d3 b5 8. Be3 d6 9. Rb1 Bb7 10. Qd2 Nd4 11. Ne2 Nxf3+ 12. Bxf3 Ne7 13. Bg2 0-0 14. d4 cxd4 15. Bxd4 e5 16. Be3 d5 17. exd5 Bxd5 18. Rbd1 Bxg2 19. Kxg2 Nf5 20. Bg5 Qxd2 21. Bxd2 Rfc8 22. c3 Nd6 23. Bc1 Nc4 24. Rd7 Kf8 25. Rfd1 Bf6 26. Kf3 e4+ 27. Kg2 Ne5 28. R7d5 Nd3 29. Nf4 Nxc1 30. Rxc1 b4 31. Ne2 Ke7 32. cxb4 Rxc1 33. Nxc1 Bxb2 34. Ne2 Ke6 35. Ra5 Kd6 36. b5 Kc5 37. Rxa6 Rxa6 38. bxa6 Kb6 39. a7 Kxa7 40. Nf4 Kb6 41. f3 exf3+ 42. Kxf3 Kb5 43. Ke4 Kc4 44. g4 Bf6 45. Nd3 Kc3 46. Ne5 Kb2 47. a4 Bd8 48. a5 Kc3 49. Nc6 Bc7 50. a6 Bb6 51. a7 Bxa7 52. Nxa7 h5 53. g5 Kd2 54. Kf3 1-0

[Event "Mittelfranken-chTB1 1819"]
[Site "Mittelfranken"]
[Date "2019.03.03"]
[Round "6.7"]
[White "Alsheimer, Lea"]
[Black "Zimmer, Frank"]
[Result "1/2-1/2"]
[WhiteElo "1781"]
[BlackElo "1822"]
[PlyCount "240"]
[EventDate "2018.10.14"]
[EventType "team-tourn"]
[EventRounds "9"]
[EventCountry "GER"]
[SourceTitle "EXT 2022"]
[Source "ChessBase"]
[SourceDate "2021.10.06"]
[SourceVersion "1"]
[SourceVersionDate "2021.10.06"]
[SourceQuality "1"]
[WhiteTeam "Bechhofen"]
[BlackTeam "Nuernberg SK 1911"]
[WhiteTeamCountry "GER"]
[BlackTeamCountry "GER"]

1. d4 c5 2. Nf3 Nf6 3. c3 e6 4. Bf4 Nc6 5. Nbd2 d5 6. e3 Be7 7. Bd3 0-0 8. h4 c4 9. Bc2 h6 10. Ng5 g6 11. Nxf7 Kxf7 12. Bxh6 Rh8 13. Bg5 Nh5 14. Qf3+ Kg7 15. g4 Rf8 16. Qg2 Nf6 17. h5 e5 18. h6+ Kh7 19. Bxf6 Rxf6 20. Nf3 e4 21. Ng5+ Kh8 22. Nxe4 dxe4 23. Bxe4 Bd7 24. 0-0-0 Na5 25. g5 Rf5 26. Bxf5 Bxf5 27. Rhg1 Qd6 28. Qf3 Qe6 29. e4 Bxe4 30. Rde1 Bxf3 31. Rxe6 Nc6 32. Rxg6 Bd5 33. Re1 Rg8 34. Rxg8+ Kxg8 35. f4 Kh7 36. Kd2 Bd6 37. Rf1 Ne7 38. f5 Be4 39. f6 Ng6 40. Ke3 Bd3 41. Rf2 Bg3 42. Rg2 Bf4+ 43. Kf3 Bd6 44. Rf2 Kg8 45. Ke3 Kf7 46. Rf3 Bc7 47. Rh3 Bf4+ 48. Kf3 Bxg5 49. h7 Bxf6 50. Kg4 Kg7 51. Re3 Kxh7 52. Re8 Bf1 53. Kf5 Kg7 54. Ke6 Bg2 55. Kd6 Nf4 56. Rc8 Nd5 57. Rxc4 Nb6 58. Rc7+ Kf8 59. Rh7 Be4 60. Rh2 Be7+ 61. Ke5 Bb1 62. b3 Ke8 63. Ke6 Be4 64. c4 Bc6 65. Rh8+ Bf8 66. d5 Bd7+ 67. Kf6 Bg4 68. Kg5 Be2 69. Rh3 Be7+ 70. Kf5 Nxc4 71. bxc4 Bxc4 72. Ke5 Bxa2 73. d6 Bxd6+ 74. Kxd6 Bc4 75. Rh8+ Kf7 76. Rh7+ Kf6 77. Rxb7 a6 78. Rb2 Kf5 79. Kc5 Bb5 80. Kd5 Kf6 81. Rf2+ Ke7 82. Ke5 Kd7 83. Rf6 Kc7 84. Kd5 Kd7 85. Rf7+ Kc8 86. Kd6 Kb8 87. Kc5 Kc8 88. Kb6 Kd8 89. Rg7 Kc8 90. Ka7 Be2 91. Kb6 Bb5 92. Rf7 Bd3 93. Rf3 Bb5 94. Rc3+ Kd8 95. Rc7 Ke8 96. Kc5 Kd8 97. Kd6 Ke8 98. Rb7 Bf1 99. Re7+ Kf8 100. Ke6 Bc4+ 101. Kf6 Bb5 102. Re3 Bf1 103. Kg5 Bb5 104. Kg6 Bc4 105. Kf6 Bb5 106. Re6 Kg8 107. Ke7 Kg7 108. Rf6 Kg8 109. Rg6+ Kh7 110. Kf6 Be8 111. Rg7+ Kh8 112. Rg3 Kh7 113. Ke7 Bb5 114. Rg4 Kh6 115. Kf6 Kh5 116. Rg1 Bd3 117. Ke5 Bb5 118. Kf4 Kh6 119. Kf5 Bd3+ 120. Kf6 Kh5 1/2-1/2

[Event "Mittelfranken-chTB2b 1819"]
[Site "Mittelfranken"]
[Date "2018.11.04"]
[Round "2.2"]
[White "Luther, Helmut"]
[Black "Zimmer, Frank"]
[Result "1-0"]
[WhiteElo "1947"]
[BlackElo "1822"]
[PlyCount "53"]
[EventDate "2018.10.14"]
[EventType "team-tourn"]
[EventRounds "9"]
[EventCountry "GER"]
[SourceTitle "EXT 2022"]
[Source "ChessBase"]
[SourceDate "2021.10.06"]
[SourceVersion "1"]
[SourceVersionDate "2021.10.06"]
[SourceQuality "1"]
[WhiteTeam "Nuernberg Sued SW III"]
[BlackTeam "Nuernberg SK 1911 II"]
[WhiteTeamCountry "GER"]
[BlackTeamCountry "GER"]

1. d4 c5 2. e3 Nf6 3. Nf3 e6 4. g3 Nc6 5. Bg2 d5 6. 0-0 Be7 7. b3 cxd4 8. exd4 Bd7 9. c4 a5 10. Nc3 0-0 11. Ne5 Be8 12. cxd5 Nxd5 13. Nxd5 exd5 14. Re1 f6 15. Nxc6 bxc6 16. Qe2 Bb4 17. Bd2 Bxd2 18. Qxd2 Bd7 19. Qc3 Rf7 20. Re3 Qf8 21. Rae1 Qb4 22. Qb2 Kf8 23. a3 Qd6 24. Qc2 g6 25. Qc1 Re8 26. Rxe8+ Bxe8 27. Qh6+ 1-0

[Event "Mittelfranken-chTB2b 1819"]
[Site "Mittelfranken"]
[Date "2018.10.14"]
[Round "1.1"]
[White "Niklaus, Guenter"]
[Black "Zimmer, Frank"]
[Result "1/2-1/2"]
[WhiteElo "1843"]
[BlackElo "1822"]
[PlyCount "34"]
[EventDate "2018.10.14"]
[EventType "team-tourn"]
[EventRounds "9"]
[EventCountry "GER"]
[SourceTitle "EXT 2022"]
[Source "ChessBase"]
[SourceDate "2021.10.06"]
[SourceVersion "1"]
[SourceVersionDate "2021.10.06"]
[SourceQuality "1"]
[WhiteTeam "Muehlhof/Schwabach II"]
[BlackTeam "Nuernberg SK 1911 II"]
[WhiteTeamCountry "GER"]
[BlackTeamCountry "GER"]

1. e4 Nf6 2. Nc3 d5 3. e5 d4 4. exf6 dxc3 5. bxc3 exf6 6. Bc4 Bd6 7. Qe2+ Qe7 8. Qxe7+ Kxe7 9. Nf3 Re8 10. 0-0 Kf8 11. Bb2 Bg4 12. Nd4 a6 13. h3 Bd7 14. Rfe1 Nc6 15. Nxc6 Bxc6 16. d4 Rxe1+ 17. Rxe1 Re8 1/2-1/2

[Event "Mittelfranken-chTB2b 1718"]
[Site "Mittelfranken"]
[Date "2018.03.04"]
[Round "6.4"]
[White "Diaz Calvo, Julio"]
[Black "Zimmer, Frank"]
[Result "0-1"]
[WhiteElo "1487"]
[BlackElo "1774"]
[PlyCount "53"]
[EventDate "2017.10.08"]
[EventType "team-tourn"]
[EventRounds "9"]
[EventCountry "GER"]
[SourceTitle "EXT 2022"]
[Source "ChessBase"]
[SourceDate "2021.10.06"]
[SourceVersion "1"]
[SourceVersionDate "2021.10.06"]
[SourceQuality "1"]
[WhiteTeam "Schnaittach"]
[BlackTeam "Nuernberg SK 1911 II"]
[WhiteTeamCountry "GER"]
[BlackTeamCountry "GER"]

1. e4 Nf6 2. Nc3 d5 3. exd5 Nxd5 4. Nxd5 Qxd5 5. Nf3 Bg4 6. Be2 Nc6 7. c4 Qd7 8. 0-0 e5 9. d3 0-0-0 10. Be3 a6 11. a3 Be7 12. b4 Bxf3 13. Bxf3 Qxd3 14. Qxd3 Rxd3 15. Bxc6 bxc6 16. c5 Rhd8 17. a4 R8d5 18. g3 f5 19. b5 Bxc5 20. Bxc5 Rxc5 21. Rac1 Rxc1 22. Rxc1 cxb5 23. axb5 axb5 24. Rc5 b4 25. Rb5 b3 26. Kf1 c6 27. Ke2 0-1

[Event "Mittelfranken-chTB2b 1516"]
[Site "Mittelfranken"]
[Date "2016.02.14"]
[Round "6.7"]
[White "Strnad, Alfred"]
[Black "Zimmer, Frank"]
[Result "0-1"]
[WhiteElo "1822"]
[BlackElo "1806"]
[PlyCount "66"]
[EventDate "2015.10.18"]
[EventType "team-tourn"]
[EventRounds "9"]
[EventCountry "GER"]
[SourceTitle "EXT 2020"]
[Source "ChessBase"]
[SourceDate "2019.10.17"]
[SourceVersion "1"]
[SourceVersionDate "2019.10.17"]
[SourceQuality "1"]
[WhiteTeam "Heideck/Hilpoltstein"]
[BlackTeam "Nuernberg SK 1911 II"]
[WhiteTeamCountry "GER"]
[BlackTeamCountry "GER"]

1. e4 Nf6 2. e5 Nd5 3. d4 d6 4. Nf3 dxe5 5. Nxe5 g6 6. c4 Nf6 7. Nc3 Bg7 8. Be2 0-0 9. 0-0 Nbd7 10. Nf3 Re8 11. Bg5 h6 12. Bf4 Nh5 13. Be3 Nhf6 14. Qd2 Kh7 15. Rad1 c6 16. h3 Qa5 17. Qc2 e5 18. Bd3 exd4 19. Bxd4 Nc5 20. Bxg6+ fxg6 21. Nh4 Nce4 22. Nxe4 Nxe4 23. f3 Qg5 24. fxe4 Bxd4+ 25. Rxd4 Qxh4 26. Qc3 Qe7 27. Rd2 Be6 28. b3 Rf8 29. Rfd1 Rad8 30. Qe5 Rxd2 31. Rxd2 Qf6 32. Qc7+ Rf7 33. Qa5 b6 0-1

[Event "Mittelfranken-chTB2a 1314"]
[Site "Mittelfranken"]
[Date "2013.10.20"]
[Round "1.5"]
[White "Lutz, Astrid"]
[Black "Zimmer, Frank"]
[Result "1/2-1/2"]
[WhiteElo "1770"]
[BlackElo "1806"]
[PlyCount "60"]
[EventDate "2013.10.20"]
[EventType "team-tourn"]
[EventRounds "9"]
[EventCountry "GER"]
[SourceTitle "EXT 2020"]
[Source "ChessBase"]
[SourceDate "2019.10.17"]
[SourceVersion "1"]
[SourceVersionDate "2019.10.17"]
[SourceQuality "1"]
[WhiteTeam "Bechhofen II"]
[BlackTeam "Nuernberg SK 1911 II"]
[WhiteTeamCountry "GER"]
[BlackTeamCountry "GER"]

1. c4 f5 2. Nc3 Nf6 3. g3 g6 4. Bg2 Bg7 5. e3 d6 6. Nge2 0-0 7. 0-0 e5 8. d3 c6 9. f4 Nbd7 10. Rb1 a5 11. a3 Re8 12. b4 axb4 13. axb4 exf4 14. gxf4 Ng4 15. Rf3 Nb6 16. h3 Nf6 17. b5 d5 18. c5 Nbd7 19. d4 Ne4 20. Rf1 Ndf6 21. Qb3 Bd7 22. Bxe4 Nxe4 23. Nxe4 fxe4 24. Kh2 Qh4 25. Ng1 cxb5 26. Qxd5+ Be6 27. Qxb7 Bc4 28. Ne2 Bxe2 29. Qd5+ Kh8 30. Rg1 Bc4 1/2-1/2

[Event "Verbandsliga Nord Baden 1213"]
[Site "Baden"]
[Date "2012.11.18"]
[Round "2.3"]
[White "Zimmer, Frank"]
[Black "Babutzka, Jens Matthias"]
[Result "1/2-1/2"]
[WhiteElo "2090"]
[BlackElo "2242"]
[PlyCount "87"]
[EventDate "2012.10.21"]
[EventType "team-tourn"]
[EventRounds "9"]
[EventCountry "GER"]
[SourceTitle "EXT 2014"]
[Source "ChessBase"]
[SourceDate "2013.11.20"]
[SourceVersion "1"]
[SourceVersionDate "2013.11.20"]
[SourceQuality "1"]
[WhiteTeam "Mosbach"]
[BlackTeam "Walldorf"]
[WhiteTeamCountry "GER"]
[BlackTeamCountry "GER"]

1. e4 e5 2. Bc4 Nf6 3. d3 Nc6 4. Nf3 Bc5 5. c3 0-0 6. Nbd2 d5 7. exd5 Nxd5 8. Ne4 Bb6 9. 0-0 Bg4 10. Bb3 Kh8 11. Qe2 Nf4 12. Bxf4 exf4 13. d4 Qe7 14. Qd3 Bf5 15. Rfe1 h6 16. Nfd2 Qh4 17. Nf3 Qh5 18. Bd1 Rfe8 19. Nfd2 Qg6 20. Qf3 Ba5 21. Ba4 Re7 22. b4 Nxb4 23. cxb4 Bxb4 24. Qxf4 Bxe4 25. Nxe4 Bxe1 26. Rxe1 f5 27. f3 fxe4 28. fxe4 Qb6 29. e5 Qb4 30. Qh4 Rd8 31. Re4 Rf8 32. h3 Rf5 33. Bb3 Re8 34. Qg4 Rg5 35. Qd7 Rf8 36. e6 Qd2 37. Rg4 Rxg4 38. hxg4 Qe1+ 39. Kh2 Qh4+ 40. Kg1 Qf2+ 41. Kh2 Qf4+ 42. Kh3 Qe3+ 43. Kh2 Qf4+ 44. Kh3 1/2-1/2

[Event "St Leon Rot op"]
[Site "St Leon Rot"]
[Date "2011.12.30"]
[Round "7"]
[White "Zimmer, Frank"]
[Black "Hielscher, Ursula"]
[Result "1/2-1/2"]
[WhiteElo "2099"]
[BlackElo "1882"]
[PlyCount "35"]
[EventDate "2011.12.27"]
[EventType "swiss"]
[EventRounds "7"]
[EventCountry "GER"]
[SourceTitle "CBM 146 Extra"]
[Source "ChessBase"]
[SourceDate "2012.02.29"]
[SourceVersion "1"]
[SourceVersionDate "2012.02.29"]
[SourceQuality "1"]

1. e4 e6 2. d4 d5 3. Nc3 Bb4 4. exd5 exd5 5. Bd3 Nf6 6. Nge2 0-0 7. 0-0 c6 8. Bg5 Be7 9. Qd2 Be6 10. Be3 Re8 11. Rae1 Nbd7 12. f4 Nf8 13. f5 Bd7 14. Bf4 c5 15. dxc5 Bxc5+ 16. Kh1 Bc6 17. Ng3 Qb6 18. Nd1 1/2-1/2

[Event "St Leon Rot op"]
[Site "St Leon Rot"]
[Date "2011.12.29"]
[Round "5"]
[White "Zimmer, Frank"]
[Black "Herbold, Manfred"]
[Result "1/2-1/2"]
[WhiteElo "2099"]
[BlackElo "2155"]
[PlyCount "37"]
[EventDate "2011.12.27"]
[EventType "swiss"]
[EventRounds "7"]
[EventCountry "GER"]
[SourceTitle "CBM 146 Extra"]
[Source "ChessBase"]
[SourceDate "2012.02.29"]
[SourceVersion "1"]
[SourceVersionDate "2012.02.29"]
[SourceQuality "1"]

1. e4 Nc6 2. Nf3 Nf6 3. e5 Ng4 4. d4 d6 5. h3 Nh6 6. exd6 Qxd6 7. Bd3 Bf5 8. Nc3 a6 9. Be3 Nb4 10. Bxf5 Nxf5 11. 0-0 e6 12. Qd2 Be7 13. Bf4 Qd8 14. Rad1 c6 15. Rfe1 0-0 16. Ne4 Nd5 17. Be5 Nd6 18. Nxd6 Bxd6 19. Ng5 1/2-1/2

[Event "Verbandsliga Nord Baden 0910"]
[Site "Baden"]
[Date "2011.01.23"]
[Round "5.4"]
[White "Hubel, Merten"]
[Black "Zimmer, Frank"]
[Result "1-0"]
[WhiteElo "2113"]
[BlackElo "2099"]
[PlyCount "97"]
[EventDate "2010.10.17"]
[EventType "team-tourn"]
[EventRounds "9"]
[EventCountry "GER"]
[SourceTitle "EXT 2012"]
[Source "ChessBase"]
[SourceDate "2011.11.24"]
[SourceVersion "1"]
[SourceVersionDate "2011.11.24"]
[SourceQuality "1"]
[WhiteTeam "Birkenfeld"]
[BlackTeam "Mosbach"]
[WhiteTeamCountry "GER"]
[BlackTeamCountry "GER"]

1. d4 g6 2. c4 Bg7 3. Nc3 d6 4. e4 e5 5. d5 f5 6. exf5 Bxf5 7. Be2 Nf6 8. g4 Bd7 9. g5 Ng8 10. Bd3 Ne7 11. Be3 Bf5 12. Be4 Nd7 13. Nge2 Bxe4 14. Nxe4 Nf5 15. Qd2 Nh4 16. 0-0-0 b6 17. f4 Nf5 18. h4 Qe7 19. N2c3 Rf8 20. fxe5 Nxe5 21. Nf6+ Kd8 22. Bf4 Nxc4 23. Qd3 Ne5 24. Qa6 Rxf6 25. gxf6 Bxf6 26. Nb5 Nc4 27. Nc3 Ne5 28. Rhe1 Nxh4 29. Bxe5 Bxe5 30. Qb7 Rc8 31. Nb5 c6 32. Qxe7+ Kxe7 33. Nxa7 Ra8 34. Nxc6+ Kd7 35. Nxe5+ dxe5 36. Rxe5 Rxa2 37. Kc2 Nf5 38. Rh1 Kd6 39. Re6+ Kxd5 40. Rxb6 Nd4+ 41. Kd3 Ra7 42. Rb8 Nf5 43. Rd8+ Ke5 44. b4 Kf4 45. b5 g5 46. b6 Rb7 47. Rb1 h5 48. Rf8 Kg4 49. Rb4+ 1-0

[Event "Verbandsliga Nord Baden 0910"]
[Site "Baden"]
[Date "2010.10.31"]
[Round "2.4"]
[White "Kohl, Hartmut"]
[Black "Zimmer, Frank"]
[Result "0-1"]
[WhiteElo "2127"]
[BlackElo "2099"]
[PlyCount "74"]
[EventDate "2010.10.17"]
[EventType "team-tourn"]
[EventRounds "9"]
[EventCountry "GER"]
[SourceTitle "EXT 2012"]
[Source "ChessBase"]
[SourceDate "2011.11.24"]
[SourceVersion "1"]
[SourceVersionDate "2011.11.24"]
[SourceQuality "1"]
[WhiteTeam "Untergrombach II"]
[BlackTeam "Mosbach"]
[WhiteTeamCountry "GER"]
[BlackTeamCountry "GER"]

1. d4 g6 2. e4 Bg7 3. Nc3 d6 4. g3 Nf6 5. Bg2 0-0 6. Nge2 Nbd7 7. 0-0 c5 8. d5 Rb8 9. a4 Ne8 10. Bd2 f5 11. Qc1 Ndf6 12. f3 Nc7 13. Bh6 Bd7 14. Bxg7 Kxg7 15. b3 Rf7 16. Qd2 Qf8 17. h3 Kg8 18. Kh2 Re8 19. exf5 Bxf5 20. g4 Bc8 21. f4 a6 22. Ng3 Qg7 23. Rae1 b5 24. axb5 axb5 25. f5 b4 26. Nce4 Nxe4 27. Bxe4 Ref8 28. Qg2 Ba6 29. Rf3 Nb5 30. fxg6 hxg6 31. Rxf7 Rxf7 32. Bd3 Nd4 33. Be4 Qf6 34. Kg1 Bb5 35. Nh1 Kg7 36. Nf2 Ne2+ 37. Kh2 Qf4+ 0-1

[Event "Verbandsliga Nord Baden 0910"]
[Site "Germany"]
[Date "2010.01.31"]
[Round "6.4"]
[White "Bloessl, Walter"]
[Black "Zimmer, Frank"]
[Result "1/2-1/2"]
[WhiteElo "2199"]
[BlackElo "2099"]
[PlyCount "35"]
[EventDate "2009.10.11"]
[EventType "team-tourn"]
[EventRounds "9"]
[EventCountry "GER"]
[SourceTitle "EXT 2011"]
[Source "ChessBase"]
[SourceDate "2010.11.26"]
[SourceVersion "1"]
[SourceVersionDate "2010.11.26"]
[SourceQuality "1"]
[WhiteTeam "Ladenburg"]
[BlackTeam "Mosbach"]
[WhiteTeamCountry "GER"]
[BlackTeamCountry "GER"]

1. e4 c5 2. Nf3 Nc6 3. d4 cxd4 4. Nxd4 g6 5. Nc3 Bg7 6. Nde2 Nf6 7. h3 0-0 8. g3 d6 9. Bg2 Bd7 10. 0-0 a6 11. Bg5 Qa5 12. Bd2 Qc7 13. a3 Rfc8 14. Ra2 Ne5 15. b3 Bc6 16. Nd5 Qd8 17. Nxf6+ Bxf6 18. Be3 1/2-1/2

[Event "Verbandsliga Nord Baden 0910"]
[Site "Germany"]
[Date "2009.12.13"]
[Round "4.4"]
[White "Friedel, Marcus"]
[Black "Zimmer, Frank"]
[Result "1-0"]
[WhiteElo "2133"]
[BlackElo "2099"]
[PlyCount "71"]
[EventDate "2009.10.11"]
[EventType "team-tourn"]
[EventRounds "9"]
[EventCountry "GER"]
[SourceTitle "EXT 2011"]
[Source "ChessBase"]
[SourceDate "2010.11.26"]
[SourceVersion "1"]
[SourceVersionDate "2010.11.26"]
[SourceQuality "1"]
[WhiteTeam "Ettlingen"]
[BlackTeam "Mosbach"]
[WhiteTeamCountry "GER"]
[BlackTeamCountry "GER"]

1. e4 c5 2. c3 d5 3. exd5 Qxd5 4. d4 Nf6 5. Nf3 Nc6 6. dxc5 Qxd1+ 7. Kxd1 Bg4 8. Be3 0-0-0+ 9. Kc1 Nd5 10. Bc4 Bxf3 11. gxf3 Ne5 12. Be2 Nxe3 13. fxe3 Nd3+ 14. Bxd3 Rxd3 15. Re1 e6 16. Kc2 Rd5 17. b4 Rg5 18. Re2 Rg1 19. Kb2 a5 20. a3 Be7 21. Nd2 Rxa1 22. Kxa1 Rd8 23. Kb2 Kc7 24. Kc2 Kc6 25. Nb3 axb4 26. axb4 Rd5 27. Rd2 Rh5 28. Na5+ Kc7 29. Nxb7 Rh3 30. b5 Rxf3 31. c6 Kb6 32. Rd7 Bg5 33. Nd6 Rxe3 34. c7 Re2+ 35. Kb3 Bc1 36. c8Q 1-0

[Event "Verbandsliga Nord Baden 0910"]
[Site "Germany"]
[Date "2009.10.11"]
[Round "1.4"]
[White "Zimmer, Frank"]
[Black "Melzer, Oliver"]
[Result "0-1"]
[WhiteElo "2099"]
[BlackElo "2223"]
[PlyCount "98"]
[EventDate "2009.10.11"]
[EventType "team-tourn"]
[EventRounds "9"]
[EventCountry "GER"]
[SourceTitle "EXT 2011"]
[Source "ChessBase"]
[SourceDate "2010.11.26"]
[SourceVersion "1"]
[SourceVersionDate "2010.11.26"]
[SourceQuality "1"]
[WhiteTeam "Mosbach"]
[BlackTeam "Untergrombach II"]
[WhiteTeamCountry "GER"]
[BlackTeamCountry "GER"]

1. e4 d5 2. exd5 Qxd5 3. Nc3 Qd6 4. g3 Nf6 5. Bg2 Nc6 6. Nge2 Bf5 7. a3 e6 8. d3 a6 9. b4 Be7 10. Bd2 0-0 11. 0-0 Rab8 12. Re1 Nd4 13. Bf4 Nxe2+ 14. Qxe2 Qd7 15. Rab1 Rfe8 16. Rb3 Nd5 17. Nxd5 exd5 18. Qd2 Rbd8 19. Rbb1 c6 20. a4 Bf6 21. Rxe8+ Rxe8 22. Re1 h6 23. Rxe8+ Qxe8 24. b5 cxb5 25. Bxd5 Qd7 26. Bg2 bxa4 27. Bf1 b5 28. c3 Qc6 29. d4 Be4 30. h4 Bd5 31. Bd3 Qe6 32. Kh2 a3 33. Be3 a2 34. Qb2 Qg4 35. c4 Be4 36. Bxe4 Qxe4 37. Qxa2 Bxd4 38. cxb5 Bxe3 39. fxe3 axb5 40. Qa7 b4 41. Qb8+ Kh7 42. Kh3 f5 43. Kh2 Qc2+ 44. Kh3 b3 45. h5 Qd1 46. Kh2 Qxh5+ 47. Kg2 Qe2+ 48. Kh3 b2 49. Qb5 Qxb5 0-1

[Event "Friedrichroda op 11th"]
[Site "Friedrichroda"]
[Date "2007.08.08"]
[Round "1"]
[White "Zimmer, Frank"]
[Black "Stein, Marco"]
[Result "0-1"]
[WhiteElo "1842"]
[BlackElo "2125"]
[PlyCount "46"]
[EventDate "2007.08.08"]
[EventType "swiss"]
[EventRounds "7"]
[EventCountry "GER"]
[SourceTitle "CBM 120 Extra"]
[Source "ChessBase"]
[SourceDate "2007.11.01"]
[SourceVersion "1"]
[SourceVersionDate "2007.11.01"]
[SourceQuality "1"]

1. e4 c5 2. d4 cxd4 3. c3 d5 4. exd5 Qxd5 5. cxd4 Nc6 6. Nf3 e5 7. Nc3 Bb4 8. Bd2 Bxc3 9. Bxc3 e4 10. Ne5 Nxe5 11. dxe5 Ne7 12. Qxd5 Nxd5 13. Bd2 0-0 14. Bc4 Nb6 15. Bb3 Re8 16. 0-0-0 Bg4 17. f3 exf3 18. gxf3 Bxf3 19. Rhf1 Bd5 20. Bxd5 Nxd5 21. Bf4 Rac8+ 22. Kb1 Nxf4 23. Rxf4 Rxe5 0-1